| 000 | 00712nam a2200241 a 4500 | ||
|---|---|---|---|
| 001 | 000004719 | ||
| 005 | 20200929151505.0 | ||
| 008 | 840524s1970 sp 000 d spa d | ||
| 040 |
_aDO-SdBNP _bspa _cBNPHU |
||
| 082 |
_a842.42 _bM721ta |
||
| 100 | 1 |
_aMolière, _d1622-1673 _913395 |
|
| 245 | 1 | 0 |
_aTartufo : _bcomedia en cinco actos / _cMolière ; traducción y prólogo de A. Espina. |
| 260 |
_aMadrid : _bMediterráneo, _c1970. |
||
| 300 |
_a125 p. ; _c19 cm. |
||
| 490 | 1 |
_aEDIME _v29 |
|
| 650 | 4 |
_aTeatro francés _95359 |
|
| 650 | 4 |
_aComedia francesa _913396 |
|
| 650 | 4 |
_aLiteratura francesa _91074 |
|
| 700 | 1 |
_aEspina, A., _etr. _913741 |
|
| 830 | 0 |
_aEDIME ; _v29 _912624 |
|
| 910 | _aWM | ||
| 049 | _aBNGR | ||
| 999 |
_c4525 _d4525 |
||